Volumes and characteristics of low-level radioactive waste in Texas, 1984.

Bibliographic Details
Main Author: Rogers, V. C. (Vern Child), 1941-
Corporate Author: Texas Low-Level Radioactive Waste Disposal Authority
Format: Government Document Book
Language:English
Published: Austin, Tex. : Texas Low-level Radioactive Waste Disposal Authority, [1984]
Subjects:

MARC

Tag First Indicator Second Indicator Subfields
LEADER 00000cam a2200000 a 4500
001 in00001069345
005 20150929093037.0
008 850125s1984 txua bs s00000 eng d
035 |a (OCoLC)11620231 
035 |9 AFM7766AM 
040 |a IKM  |c IKM  |d UtOrBLW 
049 |a IKMd 
086 |a L2505.8 V889 1984  |2 txdocs 
099 9 |a L2505.8  |a V889  |a 1984 
100 1 |a Rogers, V. C.  |q (Vern Child),  |d 1941- 
245 1 0 |a Volumes and characteristics of low-level radioactive waste in Texas, 1984. 
264 1 |a Austin, Tex. :  |b Texas Low-level Radioactive Waste Disposal Authority,  |c [1984] 
300 |a xi, 68 leaves :  |b 1 illustration ;  |c 28 cm. 
336 |a text  |b txt  |2 rdacontent 
337 |a unmediated  |b n  |2 rdamedia 
338 |a volume  |b nc  |2 rdacarrier 
500 |a "Principal investigator: Vern C. Rogers"--Acknowledgements. 
500 |a "October 1984." 
504 |a Includes bibliographies. 
650 0 |a Radioactive wastes. 
650 0 |a Radioactive waste disposal in the ground  |z Texas. 
650 0 |a Hazardous waste sites  |z Texas. 
710 2 |a Texas Low-Level Radioactive Waste Disposal Authority. 
999 |a MARS 
999 f f |s 9a2f00e5-fdab-3eec-af46-d4a9a359a341  |i bddaac9e-eb60-3af3-9933-0a62a3aec099  |t 0 
952 f f |p normal  |a Texas A&M University  |b College Station  |c Sterling C. Evans Library  |d Evans: Texas Documents (Annex 5th floor)  |t 0  |e L2505.8 V889 1984  |h Other scheme  |i unmediated -- volume  |m A14815844408 
998 f f |a L2505.8 V889 1984  |t 0  |l Evans: Texas Documents (Annex 5th floor)